Interpretación de Imágenes en Microscopia Electrónica de Barrido /
Guardado en:
| Autor Principal: | |
|---|---|
| Autor Corporativo: | |
| Otros Autores: | |
| Formato: | Libro |
| Idioma: | Spanish |
| Publicado: |
Buenos Aires :
Comisión Nacional de Energía Atómica (CNEA),
1981.
|
| Edición: | Reimpresión de la publicación PMM/A-276. |
| Materias: | |
| Etiquetas: |
Agregar Etiqueta
Sin Etiquetas, Sea el primero en etiquetar este registro!
|
| LEADER | 00916nam a22002055a 4500 | ||
|---|---|---|---|
| 001 | EIQ.libpla000849 | ||
| 008 | 060607s1981####ag#ao#########000#0#spa#d | ||
| 005 | 20080429182728.0 | ||
| 245 | 1 | 0 | |a Interpretación de Imágenes en Microscopia Electrónica de Barrido / |c M. Ipohorski, M. R. Marrapodi. |
| 250 | |a Reimpresión de la publicación PMM/A-276. | ||
| 260 | |a Buenos Aires : |b Comisión Nacional de Energía Atómica (CNEA), |c 1981. | ||
| 300 | |a 55 p. : |b il., fotos ; |c 29 cm. | ||
| 500 | |a "Proyecto Multinacional de Tecnología de Materiales (Programa Regional de Desarrollo Científico y Tecnológico-OEA)". | ||
| 100 | 1 | |a Ipohorski, M. | |
| 700 | 1 | |a Marrapodi, M. R. | |
| 710 | 2 | |a Comisión Nacional de Energía Atómica (Argentina). | |
| 650 | 4 | |a Microscopía electrónica |x Imágenes | |
| 650 | 4 | |a Electron microscopy |x Images. | |
| 040 | |a AR-BbSID |b spa |c AR-BbSID | ||
| 859 | |a AR-BbSID |b BIB. PLAPIQUI |h 543.018 4 |i Ip 5 |p 1772 | ||
